LEADER 02840nam0 22005173i 450 001 CAGE020229 005 20170908093314.0 012 $ae-os t.um e-uo cagn (3) 1606 (R)$2fei 100 $a20061020d1606 ||||0itac50 ba 101 | $alat 102 $afr 181 1$6z01$ai $bxxxe 182 1$6z01$an 200 1 $a˜C. Cornelii Taciti œOpera quae exstant. I. Lipsius postremum recensuit. AdditiCommentarii aucti plenioresque, cum curis secundis. Accesserunt seorsim notae Iosiae Mercieri ad eundem Tacitum 210 $aParisiis$capud Marcum Orry, via iacobaea, insigni leonis salientis$d1606 215 $a2 pt.([12], 418, [12]; [8], 246, LXXXII, [24] p.)$d4° 300 $aMarca non controllata (un leone sale su una montagna fumante sopra la quale brillano delle stelle in cornice: ad astra per aspera virtus) sul front 300 $aSegn.: *4 **2 A-2D8, a8, a-z8 2A2 300 $aIniz. e fregi xil 300 $aA c. a1: Iusti Lipsi ad annales Cor. Taciti liber commentarivs variis in locis vtiliter auctus. 311 $aTitolo pt 2.$9CAGE020230 316 $a1 v. -$5IT-BN0064, ANTICO B 103 423 1$12001 $aIusti Lipsi ad annales Cor. Taciti liber commentarivs variis in locis vtiliter auctus. 620 $dParigi$3TO0L002626 700 1$aTacitus$b, Publius Cornelius$3CFIV000651$4070$05717 702 1$aLipsius$b, Justus$3CFIV068975 712 02$aOrry, Marc$3BVEV019592$4650 790 0$aTacite$3BVEV012215$zTacitus, Publius Cornelius 790 0$aTacito$3CFIV176166$zTacitus, Publius Cornelius 790 1$aTacitus$b, Caius Cornelius$3MILV197820$zTacitus, Publius Cornelius 790 1$aTacito$b, Cornelio Publio$3SBNV037437$zTacitus, Publius Cornelius 790 1$aTacito$b, Publio Cornelio$3TO0V260445$zTacitus, Publius Cornelius 790 0$aTacitus$3UBOV684127$zTacitus, Publius Cornelius 790 1$aLipsio$b, Giusto$3CFIV119701$zLipsius, Justus 790 1$aLips$b, Joost$3PUVV176112$zLipsius, Justus 790 1$aLipse$b, Juste$3PUVV176113$zLipsius, Justus 791 02$a˜sub insignis œleonis salientis$3BVEV038142$zOrry, Marc 791 02$aTypographia Orriana$3BVEV107088$zOrry, Marc 801 3$aIT$bIT-NA0079$c20061020 850 $aIT-BN0064 912 $aCAGE020229 921 $aSBNM000001$bMarca non controllata$cS2$dSul front. 950 0$aBiblioteca Pio XI del Seminario arcivescovile$c1 esemplare$d BPANTICO B 103$e BP 0005002565 B 1 v. -$fZ $h20061020$i20061020 977 $a BP 996 $aOpera quae exstant. I. Lipsius postremum recensuit. AdditiCommentarii aucti plenioresque, cum curis secundis. Accesserunt seorsim notae Iosiae Mercieri ad eundem Tacitum$91485513 997 $aUNISANNIO